000 00320nam a22001337a 4500
008 180822b xxu||||| |||| 00| 0 eng d
020 _a321181280
041 _aeng
080 _a616.8
100 _a7
101 _aneu
245 _aadvanced and technical standards in neurosurgery
_ckrayenbuhl
942 _2udc
_cBK
999 _c47253
_d47253